[Event "GER-ch Net blitz qual4"]
[Site "Playchess.com INT"]
[Date "2021.05.10"]
[Round "7"]
[White "Heyartz, Wolfgang"]
[Black "Grund, Erwin1111"]
[Result "0-1"]
[WhiteElo "1831"]
[BlackElo "1675"]
[PlyCount "116"]
[EventDate "2021.05.10"]
[EventType "swiss (blitz)"]
[EventRounds "11"]
[EventCountry "GER"]
[SourceTitle "CBM 202 Extra"]
[Source "ChessBase"]
[SourceDate "2021.07.31"]
[SourceVersion "1"]
[SourceVersionDate "2021.07.31"]
[SourceQuality "1"]

1. e4 c5 2. d3 Nc6 3. f4 g6 4. Nf3 Bg7 5. Be2 d6 6. c3 e6 7. 0-0 Nge7 8. Na3 0-0 9. Be3 a6 10. Nc2 b5 11. Rb1 b4 12. cxb4 Nxb4 13. Nxb4 cxb4 14. Qe1 a5 15. Qf2 Bb7 16. Nh4 d5 17. Bf3 d4 18. Bd2 Rc8 19. f5 exf5 20. exf5 Bxf3 21. Qxf3 Nd5 22. Qg3 Ne3 23. Bxe3 dxe3 24. Kh1 g5 25. Nf3 h6 26. h4 gxh4 27. Nxh4 Qf6 28. Rfe1 Rfe8 29. Re2 Qg5 30. Qxg5 hxg5 31. Nf3 g4 32. Nh2 g3 33. Ng4 Bd4 34. Kg1 Rc5 35. f6 Rec8 36. Rbe1 Rc1 37. Nxe3 Rxe1+ 38. Rxe1 Re8 39. Kf1 Rxe3 40. Rc1 Rxd3 41. Rc8+ Kh7 42. Rf8 Kg6 43. Ra8 Rd2 44. Rxa5 Rxb2 45. Rd5 Bc3 46. Rd3 Be5 47. a3 bxa3 48. Rxa3 Kxf6 49. Ra6+ Kf5 50. Ra7 f6 51. Ra4 Rf2+ 52. Kg1 Rc2 53. Kf1 Kg5 54. Ra3 f5 55. Rf3 f4 56. Ke1 Rxg2 57. Kf1 Rc2 58. Ra3 Kg4 0-1

[Event "GER-ch Net blitz qual2"]
[Site "Playchess.com INT"]
[Date "2021.05.04"]
[Round "8"]
[White "Heyartz, Wolfgang"]
[Black "Arndt, Olaf"]
[Result "0-1"]
[WhiteElo "1777"]
[BlackElo "1576"]
[PlyCount "78"]
[EventDate "2021.05.04"]
[EventType "swiss (blitz)"]
[EventRounds "11"]
[EventCountry "GER"]
[SourceTitle "CBM 202 Extra"]
[Source "ChessBase"]
[SourceDate "2021.07.31"]
[SourceVersion "1"]
[SourceVersionDate "2021.07.31"]
[SourceQuality "1"]

1. e4 d5 2. exd5 Nf6 3. d6 Qxd6 4. d4 e5 5. Be3 exd4 6. Qxd4 Nc6 7. Bb5 Bd7 8. Qxd6 Bxd6 9. Nc3 0-0-0 10. 0-0-0 a6 11. Bc4 Ne5 12. Bb3 Bg4 13. f3 Bf5 14. Nge2 Rhe8 15. Bg5 Ned7 16. Bxf7 Re7 17. Bb3 Rde8 18. Ng3 Bg6 19. Nd5 Nxd5 20. Bxd5 Re5 21. Bf4 Rxd5 22. Rxd5 Bxf4+ 23. Kb1 Nb6 24. Rd4 Be5 25. Rdd1 Nc4 26. Ne4 Nxb2 27. Rd5 Na4 28. Ra5 Nb6 29. Re1 Nc4 30. Rc5 b5 31. h4 Bxe4 32. fxe4 Kb7 33. Rd5 Kc6 34. Red1 Re7 35. Rd8 Rf7 36. Ra8 Kb7 37. Rh8 h6 38. Re8 Rf2 39. Rdd8 Rf1+ 0-1

[Event "GER-ch Net blitz qual2"]
[Site "Playchess.com INT"]
[Date "2021.05.04"]
[Round "4"]
[White "Heyartz, Wolfgang"]
[Black "Schneider, Ilja"]
[Result "0-1"]
[WhiteElo "1777"]
[BlackElo "2507"]
[PlyCount "46"]
[EventDate "2021.05.04"]
[EventType "swiss (blitz)"]
[EventRounds "11"]
[EventCountry "GER"]
[SourceTitle "CBM 202 Extra"]
[Source "ChessBase"]
[SourceDate "2021.07.31"]
[SourceVersion "1"]
[SourceVersionDate "2021.07.31"]
[SourceQuality "1"]

1. e4 Nc6 2. d3 Nf6 3. f4 d5 4. e5 Bg4 5. Be2 Bxe2 6. Nxe2 Nd7 7. c3 e6 8. 0-0 d4 9. Nxd4 Nxd4 10. cxd4 Nb6 11. Be3 Nd5 12. Bd2 Ne7 13. Nc3 Qxd4+ 14. Kh1 Nf5 15. Nb5 Qd7 16. a4 h5 17. Bc3 h4 18. Rf3 c6 19. Na3 Bc5 20. Nc4 Ng3+ 21. Rxg3 hxg3 22. h3 Qd5 23. b4 Rxh3# 0-1

[Event "GER-ch Net blitz qual1"]
[Site "Playchess.com INT"]
[Date "2021.04.24"]
[Round "8"]
[White "Heyartz, Wolfgang"]
[Black "Kull, Florian"]
[Result "0-1"]
[WhiteElo "1693"]
[BlackElo "1973"]
[PlyCount "116"]
[EventDate "2021.04.24"]
[EventType "swiss (blitz)"]
[EventRounds "11"]
[EventCountry "GER"]
[SourceTitle "CBM 202 Extra"]
[Source "ChessBase"]
[SourceDate "2021.07.31"]
[SourceVersion "1"]
[SourceVersionDate "2021.07.31"]
[SourceQuality "1"]

1. e4 e6 2. d4 d5 3. Nc3 dxe4 4. Nxe4 Nf6 5. Nxf6+ gxf6 6. Nf3 Nc6 7. c3 b6 8. Be3 Bb7 9. Qa4 Qd7 10. Ba6 0-0-0 11. Bxb7+ Kxb7 12. b4 Nxd4 13. b5 Nxf3+ 14. gxf3 Rg8 15. h4 c5 16. Qb3 Qd5 17. Qxd5+ Rxd5 18. Ke2 Be7 19. h5 f5 20. c4 Rd7 21. a4 Bf6 22. Ra2 Rg2 23. a5 Bc3 24. axb6 axb6 25. Rc1 Bf6 26. Ra6 Rg8 27. Ra2 Rdd8 28. f4 Ra8 29. Rd2 Rgd8 30. Rdc2 Ra4 31. Bd2 Kc7 32. Be3 Rda8 33. f3 Ra2 34. Kd3 R8a3+ 35. Ke2 Ra4 36. Kd3 R4a3+ 37. Ke2 Rxc2+ 38. Rxc2 Ra4 39. Kd3 Ra1 40. Rh2 Rd1+ 41. Kc2 Rf1 42. Rh3 Kd7 43. Kd2 Ke7 44. Ke2 Rb1 45. Kd3 Rb3+ 46. Kc2 Rc3+ 47. Kd2 Rxc4 48. Kd3 Rb4 49. Kd2 Rxb5 50. Rg3 c4 51. Rg1 c3+ 52. Kc1 Ra5 53. Rg2 b5 54. Kc2 b4 55. Bc5+ Kd7 56. Bxb4 Ra2+ 57. Kb3 Rxg2 58. Bxc3 Bxc3 0-1

[Event "GER-ch Net blitz qual1"]
[Site "Playchess.com INT"]
[Date "2021.04.24"]
[Round "10"]
[White "Heyartz, Wolfgang"]
[Black "Moewisch, Dave"]
[Result "0-1"]
[WhiteElo "1693"]
[BlackElo "1855"]
[PlyCount "52"]
[EventDate "2021.04.24"]
[EventType "swiss (blitz)"]
[EventRounds "11"]
[EventCountry "GER"]
[SourceTitle "CBM 202 Extra"]
[Source "ChessBase"]
[SourceDate "2021.07.31"]
[SourceVersion "1"]
[SourceVersionDate "2021.07.31"]
[SourceQuality "1"]

1. e4 c6 2. d4 d5 3. exd5 cxd5 4. Bd3 Nc6 5. c3 Nf6 6. h3 e5 7. dxe5 Nxe5 8. Bc2 Bd6 9. Ne2 b6 10. Bg5 Bb7 11. Ba4+ Ned7 12. Bxd7+ Qxd7 13. Bxf6 gxf6 14. Nd4 0-0-0 15. Na3 Ba6 16. c4 Bxa3 17. bxa3 dxc4 18. Ne2 Qe6 19. Qa4 b5 20. Qc2 Rhe8 21. f3 Rd3 22. Kf1 Qe3 23. Rd1 Rxd1+ 24. Qxd1 Rd8 25. Qc2 Rd2 26. Qf5+ Kb8 0-1

[Event "GER-ch Net blitz qual1"]
[Site "Playchess.com INT"]
[Date "2021.04.24"]
[Round "4"]
[White "Heyartz, Wolfgang"]
[Black "Sondermann, Dirk"]
[Result "1-0"]
[WhiteElo "1693"]
[BlackElo "1521"]
[PlyCount "71"]
[EventDate "2021.04.24"]
[EventType "swiss (blitz)"]
[EventRounds "11"]
[EventCountry "GER"]
[SourceTitle "CBM 202 Extra"]
[Source "ChessBase"]
[SourceDate "2021.07.31"]
[SourceVersion "1"]
[SourceVersionDate "2021.07.31"]
[SourceQuality "1"]

1. e4 e6 2. d4 d5 3. Nc3 Nc6 4. exd5 exd5 5. a3 Nf6 6. Bd3 h6 7. Nge2 Bd6 8. 0-0 0-0 9. Bf4 Bxf4 10. Nxf4 Nxd4 11. Bh7+ Kxh7 12. Qxd4 c6 13. Rfe1 Bf5 14. Rac1 Re8 15. Qd2 Qb6 16. b3 Rad8 17. Nce2 Ne4 18. Qd4 Qc7 19. g3 Ng5 20. Qc3 Be4 21. Nd4 c5 22. h4 Ne6 23. Ndxe6 fxe6 24. f3 Bf5 25. Qe3 e5 26. Nd3 d4 27. Qf2 Bxd3 28. cxd3 Qf7 29. b4 b6 30. bxc5 b5 31. c6 Rc8 32. Kg2 Re6 33. Rc5 a6 34. Rec1 Qf6 35. Qe1 Rexc6 36. Qe4+ 1-0